Suurimmat kaupungit kirjaimittain - J - Statistics

Yleistilastot
  • Tätä visaa on pelattu 698 kertaa
  • Keskiarvotulos 5 / 10
Vastaustilastot
Valtio Väkiluku Kaupunki % Oikein
Indonesia 28,9 milj. Jakarta
100%
Etelä-Afrikka 14,8 milj. Johannesburg
91%
Saudi-Arabia 5,50 milj. Jedda
70%
Venäjä 1,84 milj. Jekaterinburg
59%
Yhdysvallat 2,03 milj. Jacksonville
45%
Intia 4,28 milj. Jaipur
45%
Kiina 6,35 milj. Jinan
27%
Kiina 1,79 milj. Jining
16%
Kiina 2,08 milj. Jiaxing
9%
Kiina 3,03 milj. Jiangyin
7%
Ehtoja vastaavia visoja ei löytynyt
Tulosjakauma
Jokaisen tuloksen saaneiden osuus
Persentiili vastausten määrän mukaan
Tuloshistoriasi
Et ole pelannut tätä visaa